Państwa Ameryki Północnej (na górnej części mapy) - Statystyki

Ogólne statystyki
  • Ten quiz został rozwiązany 14 razy
  • Średni wynik to 17 z 22
Statystyki odpowiedzi
Państwo Ameryki Północnej % Poprawnych
Stany Zjednoczone
100%
Kanada
92%
Kuba
92%
Meksyk
92%
Bahamy
83%
Belize
83%
Dominika
83%
Dominikana
83%
Haiti
83%
Honduras
83%
Panama
83%
Barbados
75%
Gwatemala
75%
Antigua i Barbuda
67%
Jamajka
67%
Kostaryka
67%
Saint Kitts i Nevis
67%
Salwador
67%
Grenada
58%
Nikaragua
58%
Saint Lucia
58%
Saint Vincent i Grenadyny
58%
Nie znaleziono quizów pasujących do podanych kryteriów
Rozkład punktacji
Procent ludzi z każdym wynikiem
Percentyl według liczby udzielonych odpowiedzi
Twoja historia wyników
Nie rozwiązałeś tego quizu